Normal view
MARC view
- الولايات المتحدة الامريكية - العالم - العلاقات الدولية
Entry Topical Term
001 - CONTROL NUMBER
- control field: 47259
003 - CONTROL NUMBER IDENTIFIER
- control field: JO-AjAnu
005 - DATE AND TIME OF LATEST TRANSACTION
- control field: 20230606081814.0
008 - FIXED-LENGTH DATA ELEMENTS
- fixed length control field: 230606|| aca||aabn | a|a d
040 ## - CATALOGING SOURCE
- Original cataloging agency: JO-AjAnu
- Transcribing agency: JO-AjAnu
150 ## - HEADING--TOPICAL TERM
- Topical term or geographic name entry element: الولايات المتحدة الامريكية - العالم - العلاقات الدولية
670 ## - SOURCE DATA FOUND
- Source citation: Work cat.: (JO-AjAnu)24185: المومني، محمد أحمد عقلة, author 47258, السيطرة على العالم